Microsoft Office Word 2003 podrobná užívateľská príručka
Na minha lista:
| Autor principal: | |
|---|---|
| Outros Autores: | |
| Formato: | Livro |
| Idioma: | eslovaco |
| Publicado em: |
Bratislava
Computer Press
2004
|
| Colecção: | Microsoft Office System
|
| Assuntos: | |
| Tags: |
Sem tags, seja o primeiro a adicionar uma tag!
|
MARC
| LEADER | 00000nam$a2200000$$$4500 | ||
|---|---|---|---|
| 001 | 0034800 | ||
| 005 | 20240313133218.9 | ||
| 020 | |a 80-89190-04-9 | ||
| 041 | 0 | |a slo | |
| 044 | |a SK | ||
| 245 | 1 | 0 | |a Microsoft Office Word 2003 |b podrobná užívateľská príručka |c Milan Brož ; preklad: Branislav Kučerka |
| 264 | 1 | |a Bratislava |b Computer Press |c 2004 | |
| 300 | |a 385 s. | ||
| 490 | 1 | |a Microsoft Office System | |
| 830 | 0 | |a Microsoft Office System | |
| 610 | 2 | 0 | |a programy počítačové |
| 610 | 2 | 0 | |a systémy operačné |
| 610 | 2 | 0 | |a softvér |
| 610 | 2 | 0 | |a dokumenty |
| 610 | 2 | 0 | |a korešpondencia |
| 610 | 2 | 0 | |a Microsoft Word 2003 |
| 100 | 1 | |a Brož, Milan | |
| 700 | 1 | |a Kučerka, Branislav | |